Memòria ... / Fundació CIDOB
Publicado:
Barcelona, Fundació CIDOB :
2004
Descripción Física:
il. col. ; 30 cm
MARC
| LEADER | 00000nam a2200000Ia 4500 | ||
|---|---|---|---|
| 001 | 16584, 20478, 20479 | ||
| 008 | 160829s2004- xx 000 0 cat d | ||
| 080 | |a M-5-41; M-6-42, M-6-43 | ||
| 110 | 2 | |a Centre d'Informació i Documentació Internacionals a Barcelona (CIDOB) |9 52934 | |
| 245 | |a Memòria ... / Fundació CIDOB | ||
| 260 | |a Barcelona, Fundació CIDOB, |c 2004- | ||
| 300 | |a il. col. ; |c 30 cm | ||
| 650 | |a Centre d'Informació i Documentació Internacionals a Barcelona |x Memòries |9 38411 | ||
| 866 | |a 2003, 2005, 2006 | ||
| 901 | |a Arxiu | ||
| 942 | |n 1 | ||
| 952 | |0 0 |1 0 |4 0 |6 M541_M642_M643 |7 1 |9 48407 |a Arxiu |b Arxiu |d 2016-12-01 |l 0 |o M-5-41; M-6-42, M-6-43 |p 16584, 20478, 20479 |r 2016-12-01 00:00:00 |w 2016-12-01 |y ARXIU | ||
| 999 | |c 52235 |d 52235 | ||